Rights of light (Record no. 115759)

MARC details
000 -LEADER
fixed length control field 01381cad a22002775a 4500
001 - CONTROL NUMBER
control field E159242
008 - FIXED-LENGTH DATA ELEMENTS--GENERAL INFORMATION
fixed length control field 101115s2016 xxk f 000 0 eng d
020 ## - INTERNATIONAL STANDARD BOOK NUMBER
International Standard Book Number 9781783211371
035 ## - SYSTEM CONTROL NUMBER
System control number (Sirsi) u159242
041 0# - LANGUAGE CODE
Language code of text/sound track or separate title eng
050 04 - LIBRARY OF CONGRESS CALL NUMBER
Classification number 346.410435 $2 18
110 2# - MAIN ENTRY--CORPORATE NAME
Corporate name or jurisdiction name as entry element Royal Institution of Chartered Surveyors
9 (RLIN) 4900
245 00 - TITLE STATEMENT
Title Rights of light
Medium [electronic resource]
250 ## - EDITION STATEMENT
Edition statement 2nd edition
260 ## - PUBLICATION, DISTRIBUTION, ETC.
Place of publication, distribution, etc. London
Name of publisher, distributor, etc. RICS
Date of publication, distribution, etc. 2016
490 #0 - SERIES STATEMENT
Series statement RICS Guidance Note
520 ## - SUMMARY, ETC.
Summary, etc. Deals with easements known as rights of light and outlines current best practice for surveyors in this field. A right of light as an easement requires various factors to be in in order to create or trigger the formation of the legal right. Due to the legal nature of rights of light, practitioners often work closely with specialist legal advisers. Effective from 1st July 2016.
520 ## - SUMMARY, ETC.
Summary, etc. Supersedes 1st edition (ISBN 9781842196281).
520 ## - SUMMARY, ETC.
Summary, etc. Superseded from 1 June 2024 by 3rd edition ISBN 9781783215140
590 ## - LOCAL NOTE (RLIN)
Local note KA
651 #4 - SUBJECT ADDED ENTRY--GEOGRAPHIC NAME
Geographic name England and Wales
690 ## - LOCAL SUBJECT ADDED ENTRY--TOPICAL TERM (OCLC, RLIN)
Topical term or geographic name as entry element PROPERTY-PROPERTY MANAGEMENT-EASEMENTS-RIGHTS TO LIGHT DETERMINATION-RIGHTS TO LIGHT
690 ## - LOCAL SUBJECT ADDED ENTRY--TOPICAL TERM (OCLC, RLIN)
Topical term or geographic name as entry element Rights of light
9 (RLIN) 6267
856 41 - ELECTRONIC LOCATION AND ACCESS
Uniform Resource Identifier <a href="https://www.rics.org/profession-standards/rics-standards-and-guidance/sector-standards/building-surveying-standards/rights-of-light">https://www.rics.org/profession-standards/rics-standards-and-guidance/sector-standards/building-surveying-standards/rights-of-light</a>
Public note Available on RICS.org
942 ## - ADDED ENTRY ELEMENTS (KOHA)
Suppress in OPAC 0
Source of classification or shelving scheme Dewey Decimal Classification
Holdings
Withdrawn status Lost status Source of classification or shelving scheme Damaged status Not for loan Home library Current library Shelving location Date acquired Total Checkouts Full call number Barcode Date last seen Copy number Koha item type Price effective from
    Dewey Decimal Classification     Archives Archives RICS Boxes 22/03/2023   RICS 2016/18   22/03/2023   Book 22/03/2023
    Dewey Decimal Classification     Virtual Virtual Online 24/03/2016   ONLINE PUBLICATION 115759 22/03/2023 1 Book